000 01198nam a2200217Ia 4500
003 OSt
005 20211123161942.0
008 210310s1997 ag ad gr 000 0 spa d
040 _aCO-JCMR
_cCO-JCMR
041 0 _aspa
082 0 4 _a336.30982 /
_bA691s
_223
110 2 _aArgentina.
_bMinisterio de Economía y Obras y Servicios Públicos, secretaria de Hacienda Argentina
_941666
245 1 3 _aEl sistema de crédito publico en el marco de programa de reforma de la administración financiera gubernamental /
_bMinisterio de Hacienda y Obras Y servicios Públicos
260 _aArgentina :
_bCentro de Capacitación y estudios de la Secretaria de Hacienda de la Nación,
_c1997
300 _a100 páginas :
_bilustraciones y gráficas en blanco y negro ;
_c28 cm.
505 0 _aCrédito público. Concepto y marco legal. -- Vinculación del sistema de crédito público con el sistema financiero. -- Títulos públicos. Conceptos básicos. -- Operaciones de reestructuración de la deuda pública. -- Sistema de administración de la deuda.
650 1 4 _aDeuda publica
_96416
650 2 4 _aAdministración de la deuda publica.
_941667
650 2 4 _aTítulos públicos
_941668
942 _2ddc
_cBK
999 _c12782
_d12782